ბათუმის შოთა რუსთაველის სახელმწიფო უნივერსიტეტის ბიბლიოთეკა

ეკონომიკის ხელახალი გააზრება : (ბიბ.ჩანაწერი № 58357)

000 -ლიდერი
ფიქსირებული სიგრძის საკონტროლო ველი 01609nam a22002657a 4500
003 - საკონტროლო ნომრის იდენტიფიკატორი
საკონტროლო ველი Ge_BSU
005 - ბოლო ოპერაციის თარიღი და დრო
საკონტროლო ველი 20211125115206.0
008 - ფიქსირებული სიგრძის მონაცემთა ელემენტები - ზოგადი ინფორმაცია
ფიქსირებული სიგრძის საკონტროლო ველი 211125s2021 ge ||||| |||| 00| 0 geo d
020 ## - წიგნის საერთაშორისო სტანდარტული ნომერი
International Standard Book Number 9789941330582
041 ## - ენის კოდი
Language code of text/sound track or separate title geo
080 ## - უნივერსალური ათობითი კლასიფიკაციის ინდექსი
Universal Decimal Classification number 330.1 ე-46
245 ## - ცნობა სათაურის შესახებ
Title ეკონომიკის ხელახალი გააზრება :
Remainder of title შესავალი პლურარისტულ ეკონომიკაში /
Statement of responsibility, etc რედ. : ლილიან ფიშერი, ჯო ჰასელი, ჯ. კრისტოფერ პროქტორი და სხვ.; მთარგმნ. და მთავ. რედაქტორი ასლან მახაძე.
264 ## - წარმოების, გამოცემის, დისტრიბუციის და სხვა ცნობები
გამოცემის, წარმოების, დისტრიბუციის... ადგილი თბილისი :
გამოცემის, წარმოების, დისტრიბუციის... სახელწოდება უნივერსალი,
გამოცემის, წარმოების, დისტრიბუციის... თარიღი 2021.
300 ## - ფიზიკური აღწერა
Extent 203 გვ.
Other physical details 25 სმ.
500 ## - ზოგადი შენიშვნა
General note საძიებელიგვ. 200-203
504 ## - BIBLIOGRAPHY, ETC. NOTE
Bibliography, etc ბიბლიოგრ. თავების ბოლოს
653 ## - INDEX TERM--UNCONTROLLED
Uncontrolled term ეკონომიკა
653 ## - INDEX TERM--UNCONTROLLED
Uncontrolled term პლურარისტულ ეკონომიკაში შესავალი
700 ## - ADDED ENTRY--PERSONAL NAME
Personal name ფიშერი, ლილიან
Relator term რედაქტორი
9 (RLIN) 13024
700 ## - ADDED ENTRY--PERSONAL NAME
Personal name ჰასელი, ჯო
Relator term რედაქტორი
9 (RLIN) 13025
700 ## - ADDED ENTRY--PERSONAL NAME
Personal name ჯ. კრისტოფერ პროქტორ და სხვ.
Relator term რედაქტორი
9 (RLIN) 13026
700 ## - ADDED ENTRY--PERSONAL NAME
Personal name მახაძე, ასლან
Relator term მთარგმნელი
9 (RLIN) 13027
700 ## - ADDED ENTRY--PERSONAL NAME
Personal name მახაძე, ასლან
Relator term რედაქტორი
9 (RLIN) 13027
942 ## - ADDED ENTRY ELEMENTS (KOHA)
Source of classification or shelving scheme
Koha item type წიგნი
ეგზემპლარები
ჩამოწერის სტატუსი დაკარგული ეგზემპლარის სტატუსი კლასიფიკაციის წყარო ან თაროზე გაწყობის სქემა დაზიანების სტატუსი არ გაიცემა მუდმივი მდებარეობა (დაცვის ადგილი) ამჟამინდელი ადგილსამყოფელი თაროზე განთავსების ადგილი შეძენის თარიღი ღირებულება, შესყიდვის ნორმალური ფასი სრული შენახვის შიფრი შტრიხკოდი ბოლო ოპერაციის თარიღი ეგზემპლარის მიმდევრობითი ნომერი (კეტერი?) ფასის ძალაში შესვლის თარიღი ეგზემპლარის სახეობა საჯარო შენიშვნა
          ბათუმის შოთა რუსთაველის სახელმწიფო უნივერსიტეტის მთავარი ბიბლიოთეკა ბათუმის შოთა რუსთაველის სახელმწიფო უნივერსიტეტის მთავარი ბიბლიოთეკა წიგნსაცავი 2021-11-25 20.00 330.1 ე-46 61996 2021-11-25 61996 2021-11-25 წიგნი 20 ლ.